000 03642nam a22002657a 4500
003 DO-SdBJH
005 20260701202245.0
008 260630b2025 ||| |||| |||| 00| 0 spa d
040 _aDO-SdBJH
_bspa
_cDO-SdBJH
041 0 _aspa
090 _aCT CM-0005
_bAMBC 2025
100 1 _aFeliz Cuevas, Karla
_esustentante
245 1 0 _aAdaptación de las operciones militares del Ejército de República Dominicana ante las nuevas amenazas del siglo XXI /
_cKarla Feliz Cuevas ; asesor metodológico Reynaldo Cruz Camacho ; asesor de contenido Juan Roque Pérez.
260 _aSanto Domingo, República Dominicana :
_bUNADE,
_c2025.
300 _axiii, 60, [02] páginas :
_bGráficas.
502 _aTesis y trabajos de grado (Licenciatura en Ciencias Militares) -- Universidad Nacional para la Defensa "General Juan Pablo Duarte y Díez", Academia Militar "Batalla de las Carreras", Santo Domingo, 2025.
504 _aIncluye referencias bibliográficas y anexos.
505 _aCaracterización de las nuevas amenazas del siglo XXI en la República Dominicana -- Capacidades operativas, tecnológicas y doctrinales del Ejército de República Dominicana -- Adaptación de las operaciones del Ejército de República Dominicana ante las Nuevas amenazas.
520 _aLa monografía titulada Adaptación de las operaciones militares del Ejercito de República Dominicana ante las nuevas amenazas del siglo XXI, analiza los desafíos que enfrenta el Ejercito dominicano frente a un entorno de seguridad global caracterizado por amenazas tecnológicas. El estudio reviste gran importancia al contribuir a la modernización doctrinal y operativa de las Fuerzas Armadas, en un contexto donde fenómenos como el crimen organizado, el narcotráfico, la migración irregular, las ciberamenazas y los desastres naturales impactan directamente la seguridad nacional. El propósito fundamental de esta investigación fue determinar el grado de adaptación de las operaciones militares del Ejercito ante estas amenazas emergentes, identificando sus limitaciones doctrinales, operativas y tecnológicas y proporcionando estrategias de transformación integral. La metodología empleada se baso en un enfoque cualitativo con apoyo cuantitativo, de tipo descriptivo y explicativo, utilizando análisis documental, entrevistas semiestructuradas y estudios de casos sobre operaciones militares recientes. El principal hallazgo evidencia que, aunque existe un reconocimiento institucional sobre la necesidad de una doctrina de seguridad multidimensional , las practicas operativas del Ejercito permanecen ancladas en paradigmas tradicionales. Asimismo, se identifican debilidades criticas en capacidades de ciberdefensas, inteligencia tecnológica y movilidad estratégica, junto con una limitada coordinación integral. Como conclusión, el estudio propone impulsar una reforma doctrinal y tecnológica que incluya la creación en un Comando de Ciberdefensa , la adopción de una doctrina adaptativa y el fortalecimiento de la cooperación internacional y la formación especializada, garantizando así la preparación del Ejercito dominicano para los retos multidimensionales del siglo XXI.
650 7 _2lemb
_aSeguridad nacional
_vTesis y disertaciones académicas
_xAmenazas emergentes
_xPrevención
_ySiglo XXI
_zRepública Dominicana
650 7 _2lemb
_aEjército de República Dominicana
_vTesis y disertaciones académicas
_xCapacidad militar
_xEstrategia militar
_xAdaptación operacional
_ySiglo XXI
_zRepública Dominicana
700 1 _aCruz Camacho, Reynaldo
_easesor metodológico
700 1 _aRoque Pérez, Juan
_easesor de contenido
942 _2CL
_cT
999 _c8733
_d8733